¿ Son sostenibles las áreas protegidas? biorentas y eficiencia del gasto /

Đã lưu trong:
Chi tiết về thư mục
Tác giả chính: Adamson Badilla, Marcos
Định dạng: Texto
Những chủ đề:
Các nhãn: Thêm thẻ
Không có thẻ, Là người đầu tiên thẻ bản ghi này!

MARC

LEADER 00000 a a2200000 04500
001 3053
003
040
100 |a Adamson Badilla, Marcos  
245 |a ¿ Son sostenibles las áreas protegidas? biorentas y eficiencia del gasto /  |c Marcos Adamson Badilla 
650 |a ASPECTOS AMBIENTALES  
650 |a ASPECTOS ECONOMICOS  
650 |a ASPECTOS SOCIALES  
650 |a BIODIVERSIDAD  
650 |a DESARROLLO SUSTENTABLE  
650 |a COSTA RICA  
650 |a ASPECTOS AMBIENTALES  
650 |a ESTADISTICAS ECONOMICAS  
773 |g volumen 26, número 1; páginas 283-306  
999 |c 37075  |d 37075